University Home | Library Home | Institutional Repository

The long ships. (Record no. 96303)

MARC details
000 -LEADER
fixed length control field 00450cam0a220018100 4500
001 - CONTROL NUMBER
control field tmp15753870
003 - CONTROL NUMBER IDENTIFIER
control field UPRA
005 - DATE AND TIME OF LATEST TRANSACTION
control field 20190819092011.0
008 - FIXED-LENGTH DATA ELEMENTS--GENERAL INFORMATION
fixed length control field 951020s1956 xx eng u
035 ## - SYSTEM CONTROL NUMBER
System control number (Sirsi) r41909
035 ## - SYSTEM CONTROL NUMBER
System control number (UPRA)tmp15753870
040 ## - CATALOGING SOURCE
Transcribing agency UPRA
100 1# - MAIN ENTRY--PERSONAL NAME
Personal name Bengston, G. Frans.
Linkage A102273.1
245 14 - TITLE STATEMENT
Title The long ships.
260 ## - PUBLICATION, DISTRIBUTION, ETC.
Date of publication, distribution, etc. 1956.
949 ## - LOCAL PROCESSING INFORMATION (OCLC)
a PT9875.B4
w lcc
i -51019
m MAIN
p 2500
t BOOK
l ON-SHELF

No items available.

© 2026 - The University of Zambia Library - Koha v25.11